000 00438nam a2200181Ia 4500
001 1640
005 20260306143743.0
008 260306t2018||||xx |||||||||||||| ||spa||
041 _aESP
082 _a153.9
_bG59
100 _aGoleman, Daniel
_eAUT
245 0 _aLiderazgo. El poder de la inteligencia emocional
260 _c2018
300 _a162 páginas :
_c19 cm.
650 _aGEN
654 _aCPS
942 _cLIB
_dJUS
_fJUS
_2ddc
_n
999 _c1640
_d1640